Rozdielne ceny za ten istý produkt

Cena ako podstatná hodnota v mysli zákazníka. Cenová diferenciiácia a možnosti jej stanovenia. Nástroje optimalizácie tržieb prostredníctvom úpravy cien. Faktory zničenia cenovej diferenciácie.

Na minha lista:
Detalhes bibliográficos
Autor principal: Remeňová, Katarína, 1982-
Formato: Capítulo de Livro
Idioma:eslovaco
Assuntos:
Tags: Adicionar Tag
Sem tags, seja o primeiro a adicionar uma tag!

MARC

LEADER 00000naa a2200000 4500
001 0127340
005 20240502072442.6
041 0 |a slo 
044 |a SK 
245 1 0 |a Rozdielne ceny za ten istý produkt  |c Katarína Remeňová 
520 |a Cena ako podstatná hodnota v mysli zákazníka. Cenová diferenciiácia a možnosti jej stanovenia. Nástroje optimalizácie tržieb prostredníctvom úpravy cien. Faktory zničenia cenovej diferenciácie. 
610 2 0 |a ceny 
610 2 0 |a diferenciácia cenová 
610 2 0 |a relácie cenové 
610 2 0 |a ceny konkurenčné 
610 2 0 |a ceny obchodné 
610 2 0 |a ceny spotrebiteľské 
610 2 0 |a porovnanie cenové 
610 2 0 |a vývoj cenový 
610 2 0 |a znižovanie cien 
610 2 0 |a predajcovia 
610 2 0 |a zákazníci 
100 1 |a Remeňová, Katarína, 1982-